|
|
|
|
| LEADER |
01590nam a2200397 i 4500 |
| 001 |
EBC5150485 |
| 003 |
MiAaPQ |
| 005 |
20200520144314.0 |
| 006 |
m o d | |
| 007 |
cr cnu|||||||| |
| 008 |
171219t20172017gw ob 000 0 ger d |
| 020 |
|
|
|z 9783961465019
|
| 020 |
|
|
|a 9783961460014
|q (electronic bk.)
|
| 035 |
|
|
|a (MiAaPQ)EBC5150485
|
| 035 |
|
|
|a (Au-PeEL)EBL5150485
|
| 035 |
|
|
|a (CaPaEBR)ebr11468046
|
| 035 |
|
|
|a (OCoLC)1012883712
|
| 040 |
|
|
|a MiAaPQ
|b eng
|e rda
|e pn
|c MiAaPQ
|d MiAaPQ
|
| 050 |
|
4 |
|a HJ223
|b .R684 2017
|
| 082 |
0 |
|
|a 336.0937
|2 23
|
| 100 |
1 |
|
|a Roth, Peter,
|e author.
|
| 245 |
1 |
4 |
|a Die steuergeschichte des Romischen reiches /
|c Peter Roth.
|
| 264 |
|
1 |
|a Hamburg, [Germany] :
|b Diplomica Verlag,
|c 2017.
|
| 264 |
|
4 |
|c 2017
|
| 300 |
|
|
|a 1 online resource (77 pages)
|
| 336 |
|
|
|a text
|2 rdacontent
|
| 337 |
|
|
|a computer
|2 rdamedia
|
| 338 |
|
|
|a online resource
|2 rdacarrier
|
| 504 |
|
|
|a Includes bibliographical references.
|
| 588 |
|
|
|a Description based on online resource; title from PDF cover (EBC, viewed December 15, 2017).
|
| 590 |
|
|
|a Electronic reproduction. Ann Arbor, MI : ProQuest, 2016. Available via World Wide Web. Access may be limited to ProQuest affiliated libraries.
|
| 650 |
|
0 |
|a Taxation
|z Rome
|x History.
|
| 655 |
|
4 |
|a Electronic books.
|
| 776 |
0 |
8 |
|i Print version:
|a Roth, Peter.
|t Steuergeschichte des Romischen reiches.
|d Hamburg, [Germany] : Diplomica Verlag, c2017
|h 76 pages
|z 9783961465019
|
| 797 |
2 |
|
|a ProQuest (Firm)
|
| 856 |
4 |
0 |
|u https://ebookcentral.proquest.com/lib/matrademy/detail.action?docID=5150485
|z Click to View
|